000 00431nam a2200193Ia 4500
008 210210b xxu||||| |||| 00| 0 eng d
041 _aeng
082 _a381/51
100 _aFAVELL (A J)
245 _aBook keeping stage 1
260 _aLondon
_bSir Isaac Pitman & Sons Ltd.,
_c
300 _aviii,262
650 _astage
650 _akeeping
650 _aBook
650 _a1
690 _aAccountancy
906 _a005096
999 _c124881
_d124881